| 000 | 00512nam a2200169 i 4500 | ||
|---|---|---|---|
| 001 | 85845 | ||
| 003 | ES-MaACL | ||
| 005 | 20230906175324.0 | ||
| 007 | t| | ||
| 008 | 041202s1967 sp ||||1| spa d | ||
| 100 | 1 |
_aKaden, Helmut E. _967387 |
|
| 245 | 1 | 0 |
_aManual moderno de transistores / _cHelmut E. Kaden ; [traducido por Antonio Perianes Carro]. |
| 260 |
_aMadrid : _bParaninfo, _c1967. |
||
| 300 |
_a240 p. ; _c22 cm. |
||
| 700 | 1 |
_aPerianes Carro, Antonio. _991244 |
|
| 852 |
_aES-MaACL _jC-34084 _bR.64595 |
||
| 999 |
_c85845 _d85845 |
||